<?xml version="1.0" encoding="UTF-8"?>
<record
    xmlns:xsi="http://www.w3.org/2001/XMLSchema-instance"
    xsi:schemaLocation="http://www.loc.gov/MARC21/slim http://www.loc.gov/standards/marcxml/schema/MARC21slim.xsd"
    xmlns="http://www.loc.gov/MARC21/slim">

  <leader>00697nam a2200193 i 4500</leader>
  <controlfield tag="001">bg</controlfield>
  <datafield tag="100" ind1="1" ind2=" ">
    <subfield code="a">PIOTROWSKI, Wojciech</subfield>
  </datafield>
  <datafield tag="245" ind1="1" ind2="0">
    <subfield code="a">Horyzonty &#x15B;wiatopogl&#x105;dowe "R&#x119;kopisu znalezionego w Saragossie" Jana Potockiego /</subfield>
    <subfield code="c">Wojciech Piotrowski ; Wy&#x17C;sza Szko&#x142;a Pedagogiczna w S&#x142;upsku.</subfield>
  </datafield>
  <datafield tag="260" ind1=" " ind2=" ">
    <subfield code="a">S&#x142;upsk :</subfield>
    <subfield code="b">WSP,</subfield>
    <subfield code="c">1994</subfield>
    <subfield code="e">(S&#x142;upsk :</subfield>
    <subfield code="f">WSP).</subfield>
  </datafield>
  <datafield tag="300" ind1=" " ind2=" ">
    <subfield code="a">231, [1] s. ;</subfield>
    <subfield code="c">21 cm.</subfield>
  </datafield>
  <datafield tag="504" ind1=" " ind2=" ">
    <subfield code="a">Bibliogr. prac J. Potockiego s. 212-220. - Indeks.</subfield>
  </datafield>
  <datafield tag="600" ind1="1" ind2="9">
    <subfield code="a">Potocki Jan</subfield>
    <subfield code="t">"Manuscrit trouv&#xE9; &#xE0; Saragosse"</subfield>
  </datafield>
  <datafield tag="650" ind1=" " ind2="9">
    <subfield code="a">Powie&#x15B;&#x107; polska</subfield>
    <subfield code="x">historia</subfield>
    <subfield code="y">19 w.</subfield>
  </datafield>
  <datafield tag="040" ind1=" " ind2=" ">
    <subfield code="c">BPK</subfield>
  </datafield>
  <datafield tag="041" ind1="0" ind2=" ">
    <subfield code="a">pl</subfield>
  </datafield>
  <datafield tag="080" ind1=" " ind2=" ">
    <subfield code="a">884(091):840(091)]-3"18"</subfield>
  </datafield>
  <datafield tag="942" ind1=" " ind2=" ">
    <subfield code="c">KS</subfield>
  </datafield>
  <controlfield tag="008">      s        pl     f     |000 0 pol  </controlfield>
  <datafield tag="999" ind1=" " ind2=" ">
    <subfield code="c">31710</subfield>
    <subfield code="d">31710</subfield>
  </datafield>
  <datafield tag="856" ind1=" " ind2=" ">
    <subfield code="u">http://koha.tu.koszalin.pl/cgi-bin/koha/opac-detail.pl?biblionumber=31710</subfield>
    <subfield code="y">Katalog online BPK</subfield>
  </datafield>
  <datafield tag="952" ind1=" " ind2=" ">
    <subfield code="0">0</subfield>
    <subfield code="1">0</subfield>
    <subfield code="4">0</subfield>
    <subfield code="7">0</subfield>
    <subfield code="a">BPK</subfield>
    <subfield code="b">BPK</subfield>
    <subfield code="c">w</subfield>
    <subfield code="o">39103</subfield>
    <subfield code="p">01269574</subfield>
    <subfield code="y">KS</subfield>
  </datafield>
</record>
